LEADER 01042nam 2200337 450 001 990000483440203316 035 $a0048344 035 $aUSA010048344 035 $a(ALEPH)000048344USA01 035 $a0048344 100 $a20010530d1959----km-y0itay0103----ba 101 $aeng 102 $aUS 105 $a||||||||001yy 200 1 $aDigital and sampled data control systems$fJulius T. Tou 210 $aNew York$cMcGraw Hill$d1959 215 $aXIII, 631 p.$cill.$d23 cm 225 2 $aMcGraw Hill electrical and electronic engineering series 410 $1McGraw Hill electrical and electronic engineering series 676 $a001.535 700 1$aTOU,$bJulius T.$02020 801 0$aIT$bsalbc$gISBD 912 $a990000483440203316 951 $a001.535 TOU$b5895$c001.535$d00105006 959 $aBK 969 $aSCI 979 $aPATTY$b90$c20010530$lUSA01$h1633 979 $c20020403$lUSA01$h1657 979 $aPATRY$b90$c20040406$lUSA01$h1633 996 $aDigital and sampled data control systems$9888422 997 $aUNISA LEADER 00946cam0-2200325---450- 001 990005869210403321 005 20130619110901.0 010 $a88-7828-105-0 035 $a000586921 035 $aFED01000586921 035 $a(Aleph)000586921FED01 035 $a000586921 100 $a20000421d1993----km-y0itay50------ba 101 0 $aita 102 $aIT 105 $a--------001ya 200 1 $aAutobiografia$fMonaldo Leopardi$gedizione critica a cura di Anna Leopardi di San Leopardo 210 $a[Ancona]$cTranseuropa$d1993 215 $aXX, 164 p.$d22 cm 676 $a858.7 700 1$aLeopardi,$bMonaldo$f<1776-1847> 702 1$aLeopardi Di San Leopardo,$bAnna 801 0$aIT$bUNINA$gRICA$2UNIMARC 901 $aBK 912 $a990005869210403321 952 $a858.7 LEOP 1(2)$bBibl.29482$fFLFBC 952 $a858.7 LEOP 1(2 BIS)$bDip.f.m.8065$fFLFBC 959 $aFLFBC 996 $aAutobiografia$9210079 997 $aUNINA LEADER 01751oam 2200529 450 001 9910704486103321 005 20130626103650.0 035 $a(CKB)5470000002440830 035 $a(OCoLC)828523445 035 $a(EXLCZ)995470000002440830 100 $a20130226d1987 ua 0 101 0 $aeng 135 $aurbn||||||||| 181 $ctxt$2rdacontent 182 $cc$2rdamedia 183 $acr$2rdacarrier 200 10$aTurbulence control of an airborne laser platform $ephase 1 SBIR--final technical report /$fMohamed Gad-el-Hak 210 1$aHampton, Virginia :$cNational Aeronautics and Space Administration, Langley Research Center,$d[1987] 215 $a1 online resource (53 pages) $cillustrations 225 1 $aNASA contractor report ;$v178249 300 $aTitle from title screen (viewed Feb. 26, 2013). 300 $a"March 1987." 320 $aIncludes bibliographical references (pages 51-53). 517 $aTurbulence control of an airborne laser platform 606 $aAdaptive optics$2nasat 606 $aAirborne lasers$2nasat 606 $aAlgorithms$2nasat 606 $aFlow stability$2nasat 606 $aPlatforms$2nasat 615 7$aAdaptive optics. 615 7$aAirborne lasers. 615 7$aAlgorithms. 615 7$aFlow stability. 615 7$aPlatforms. 700 $aGad-el-Hak$b Mohamed$f1945-$061709 712 02$aLangley Research Center, 712 02$aUnited States.$bNational Aeronautics and Space Administration, 801 0$bGPO 801 1$bGPO 801 2$bGPO 801 2$bOCLCQ 801 2$bOCLCO 801 2$bGPO 906 $aBOOK 912 $a9910704486103321 996 $aTurbulence control of an airborne laser platform$93544536 997 $aUNINA